Chuť si zaspievať V Humenskom okrese kultúra neupadá

Bibliographic Details
Main Authors: Kováč, František (Author), Suchaničová, Oľga (Author)
Format: Article
Language:Slovak
PhysicalDescription:Fotogr. 1
Subjects:

MARC

LEADER 00000nab a2200000 a 4500
001 vtls000524234
003 SK-MaSNL
005 20260303184103.0
008 120928c1994 xo 0 slo
015 |a SNBRB19rr/mm-uuuuu 
035 |a CL0524372 
040 |a SNKBUCL  |b slo  |c SNKBUCL  |e AACR2 
041 0 |a slo 
044 |a xo  |c SK 
080 |a 374(437.6)  |2 1981 
100 1 |a Kováč, František  |4 aut  |9 270565 
245 1 0 |a Chuť si zaspievať  |b V Humenskom okrese kultúra neupadá  |c František Kováč, Oľga Suchaničová 
300 |b Fotogr. 1 
610 2 7 |a Regionálne kultúrne stredisko (Humenné, Slovensko)  |2 snkbucl  |9 233093 
651 7 |a 5402  |2 snkbucl  |9 366935 
655 7 |a články z novín a časopisov  |2 snkbucl  |9 267496 
700 1 |a Suchaničová, Oľga  |4 aut  |9 1213787 
773 0 |t Národná osveta  |g Roč. 4, č. 16 (1994), s. 19 
850 |a Slovenská národná knižnica v Martine  |a MTA001 
852 |a SNK  |b KIS3GCP 
958 |a RK 
992 |a RBX 
999 |c 2124875  |d 2126805